| 000 | 01234nam a2200349 i 4500 | ||
|---|---|---|---|
| 001 | 000002712 | ||
| 003 | DO-SdBNP | ||
| 005 | 20251120073734.0 | ||
| 007 | ta | ||
| 008 | 250618s1990 dr 000 0 spa d | ||
| 040 |
_aDO-SdBNP _bspa _cBNPHU _erda |
||
| 041 | _hsp | ||
| 082 | 4 |
_a328.7293 _bG643t, 1990 _222 |
|
| 100 | 1 |
_aGonzález Tirado, Rafael _93030 _eautor |
|
| 245 | 1 | 0 |
_aTécnicas para la redacción de leyes / _cRafael González Tirado |
| 250 | _aSegunda edición, corregida y ampliada | ||
| 264 |
_aSantiago de los Caballeros, República Dominicana : _bEdita el Estudiante, _c1990 |
||
| 300 |
_a246 páginas ; _c22 cm. |
||
| 336 |
_2rdacontenr _atexto _btxt |
||
| 337 |
_2rdamedia _asin mediación _bn |
||
| 338 |
_2rdacarrier a) volumen _avolumen _bnc |
||
| 490 | 0 | _aLibreros dominicanos unidos | |
| 590 | _aInventariado, 2025/DG | ||
| 650 | 4 |
_aLenguaje jurídico _93031 |
|
| 650 | 4 |
_aRedacción de escritos técnicos _91600 |
|
| 650 | 4 |
_aLegislación _zRepública Dominicana _93032 |
|
| 650 | 4 |
_aLeyes _zRepública Dominicana _93033 |
|
| 650 | 4 |
_aPráctica parlamentaria _zRepública Dominicana _93034 |
|
| 710 | 2 |
_aPontificia Universidad Católica Madre y Maestra _9843 |
|
| 910 | _aDG | ||
| 942 |
_2ddc _cLBS1 |
||
| 999 |
_c59333 _d59333 |
||